| 000 | 00766nam a22002537a 4500 | ||
|---|---|---|---|
| 001 | 1766 | ||
| 003 | CO-MdFUSB | ||
| 005 | 20180622072722.0 | ||
| 008 | 170523t1974 xxu||||| |||| 00| 0 eng d | ||
| 020 | _a0-88344-307-4 | ||
| 040 |
_aCO-MdFUSB _bspa _cCO-MdFUSB _dCO-MdFUSBC _erda |
||
| 041 | 0 | _aeng | |
| 082 | 0 | 4 | _aG 220.66 M672m |
| 100 | 1 |
_aMiranda, José Porfirio _eautor |
|
| 245 | 1 | 0 |
_aMarx and the Bible _b: A critique of the philosophy of oppression _c / José Porfirio Miranda; John Eagleson, Traductor |
| 264 | 4 |
_aMaryknoll, N.Y., USA : _bOrbis, _c©1974 |
|
| 300 | _aXXI, 338 Pag | ||
| 336 |
_2rdacontent _a1 _ba1 |
||
| 337 |
_2rdamedia _a2 _b5 |
||
| 338 |
_2rdacarrier _a2 _b5 |
||
| 650 | 7 |
_aHermenéutica _9418 |
|
| 650 | 7 |
_aReligión _9385 |
|
| 942 | _cBK | ||
| 999 |
_c32971 _d32971 |
||